Modern celestial mechanics (Record no. 15351)

MARC details
000 -LEADER
fixed length control field 00672nam a2200205Ia 4500
003 - CONTROL NUMBER IDENTIFIER
control field IN-BaIIA
008 - FIXED-LENGTH DATA ELEMENTS--GENERAL INFORMATION
fixed length control field 211028s9999 xx 000 0 eng d
020 ## - INTERNATIONAL STANDARD BOOK NUMBER
International Standard Book Number 0-415-27938-0
040 ## - CATALOGING SOURCE
Transcribing agency IIA Library
080 ## - UNIVERSAL DECIMAL CLASSIFICATION NUMBER
Universal Decimal Classification number 521.1
Item number MOR
100 ## - MAIN ENTRY--PERSONAL NAME
Personal name Morbidelli, A.
9 (RLIN) 28318
245 #0 - TITLE STATEMENT
Title Modern celestial mechanics
Remainder of title aspects of solar system dynamics
Statement of responsibility, etc. A. Morbidelli
260 ## - PUBLICATION, DISTRIBUTION, ETC.
Place of publication, distribution, etc. London
Name of publisher, distributor, etc. Taylor and Francis
Date of publication, distribution, etc. 2002
300 ## - PHYSICAL DESCRIPTION
Extent xi, 356p.
490 ## - SERIES STATEMENT
Series statement Advances in astronomy and astrophysics; v. 5
650 ## - SUBJECT ADDED ENTRY--TOPICAL TERM
Topical term or geographic name entry element Celestial mechanics
650 ## - SUBJECT ADDED ENTRY--TOPICAL TERM
Topical term or geographic name entry element Perturbation theory
9 (RLIN) 4926
650 ## - SUBJECT ADDED ENTRY--TOPICAL TERM
Topical term or geographic name entry element Single resonance dynamics
9 (RLIN) 28319
942 ## - ADDED ENTRY ELEMENTS (KOHA)
Koha item type Books
Holdings
Withdrawn status Lost status Damaged status Not for loan Home library Current library Shelving location Date acquired Source of acquisition Cost, normal purchase price Total Checkouts Full call number Barcode Date last seen Cost, replacement price Price effective from Koha item type Purchase Price
        IIA Library-Bangalore IIA Library-Bangalore General Stacks 23/08/2003 ANJ 3014.00   521.1/ MOR 16273 05/11/2021 3014.00 23/08/2003 Books Rs. 3014.00

Powered by Koha